Statistics for Best Hospitals

Click here to take the quiz!

General Stats

  • This quiz has been taken 56 times
  • The average score is 6 of 17

Answer Stats

Location Specialties Answer % Correct
Baltimore15Johns Hopkins Hospital
83%
Rochester, MN15Mayo Clinic
68%
Boston15Massachusetts General Hospital
46%
Los Angeles14Ronald Reagan UCLA Medical Center
44%
Cleveland13Cleveland Clinic
39%
Ann Arbor6University of Michigan Hospitals and Medical Center
37%
Seattle9University of Washington Medical Center
34%
St. Louis11Barnes Jewish Hospital
32%
Nashville6Vanderbilt University Medical Center
24%
Durham, NC10Duke University Medical Center
24%
Boston12Brigham and Women's Hospital
22%
San Francisco11UCSF Medical Center
22%
New York12New York Presbyterian Hospital
22%
Philadelphia12Hospital of the University of Pennsylvania
20%
Pittsburgh8University of Pittsburgh Medical Center
20%
New York6Mount Sinai Medical Center
15%
Stanford, CA6Stanford Hospital and Clinics
7%

Score Distribution

Percentile by Number Answered

Percent of People with Each Score

Your Score History

You have not taken this quiz